| 000 | 00613cam a22002171 4500 | ||
|---|---|---|---|
| 001 | sa 68003637 | ||
| 003 | DLC | ||
| 005 | 20260227112454.0 | ||
| 008 | 710903m19689999ii a b 00010 eng | ||
| 010 | _asa 68003637 //r87 | ||
| 043 | _aa-ii--- | ||
| 050 | 0 |
_aLB1727.I5 _bM8 |
|
| 082 | _a370/.71 | ||
| 100 | 1 | 0 |
_aMukerji, Shridhar Nath, _d1909- _ecomp. |
| 245 | 1 | 0 |
_aEducation of teachers in India. _cEdited by S. N. Mukerji. |
| 260 | 0 |
_aDelhi, _bS. Chad, _c1968- |
|
| 300 |
_av. _billus. _c23 cm. |
||
| 350 | _aRs25 (v. 1) | ||
| 504 | _aBibliographical footnotes. | ||
| 650 | 0 |
_aTeachers _xTraining of _zIndia. |
|
| 999 |
_c79634 _d79634 |
||